00686 2200265 4500001002100000005001500021035002000036007000300056040001700059100003100076245004200107300003000149041000800179082000800187084001400195090001400209264003000223336002100253337003000274338002300304650002600327850001000353008004100363990001600404INLIS00000000000993920260410090420 a0010-0123000266ta aSBPUPADbEng0 aMisbah El MunirePengarang1 aSesudah Senam Pagi /cMisbah El Munir a80 hlm. :bilus. ;c21 cm07aInd a500 a500 MIS s a500 MIS s aBandung :bAngkasa,c2010 2rdacontentaTeks 2rdamediaatanpa perantara 2rdacarrieravolume 4aIlmu Pengetahuan Alam aPUPAD260410 0  a00000028238